00454nam a22001457a 450000500170000000800410001702000170005804100130007508200130008810000130010124500810011426000560019530000320025165000250028320240123070442.0240123b |||||||| |||| 00| 0 eng d a040900409 X  aEnglish  a349 JOU  lEnglish  aThe Law of South Africa : Cumulative Supplement 1986 / cedited by JA Faris  aDurban : bButterworth Publishers (Pty) Ltd, c1986 bxx, 708 pages ; c26,3 cm.  aLegal practice bLaw